000 00462nam a2200181Ia 4500
003 OSt
005 20240715163132.0
008 210210b1950 xxu||||| |||| 00| 0 eng d
040 _cAL
041 _akan
082 _a859/493
100 _aCHADURANGA ಚದುರಂಗ
_9149219
245 _aSarvamangala
_bಸರ್ವಮಂಗಳ
260 _aBengaluru
_bNot Mentioned
_c1950
690 _aKannada Fiction
_9149220
906 _a021354
942 _2ddc
_cBK
999 _c145436
_d145436